<La> Gestion Financiére de l'Entreprise

Saved in:
Bibliographic Details
Main Author: Conso, Pierre
Format: Book
Language:French
Published: Paris Dunod 1985
Edition:7. éd.
Tags: Add Tag
No Tags, Be the first to tag this record!

MARC

LEADER 00000nam a2200000 4500
001 c021953
005 20221207071902.1
041 0 |a fre 
044 |a FR 
245 1 0 |a <La> Gestion Financiére de l'Entreprise  |c Pierre Conso 
250 |a 7. éd. 
264 1 |a Paris  |b Dunod  |c 1985 
300 |a 303 s. 
100 1 |a Conso, Pierre